| 000 | 00848nam a22002537a 4500 | ||
|---|---|---|---|
| 005 | 20170124110027.0 | ||
| 010 | _a915732 | ||
| 020 | _c32.00 | ||
| 035 | _a915732 | ||
| 037 | _bCen Lib/Ret | ||
| 040 |
_aDPL _bEN |
||
| 082 |
_a370.15 _bDEC |
||
| 100 |
_aDececco, John P _920945 |
||
| 245 |
_aThe psychology of learning and instruction : _cby John P. Dececco [and] William R. Crawford _beducational psychology / |
||
| 250 | _a2nd ed | ||
| 260 |
_aNew Delhi _bPrentice-Hall of India _c1974 |
||
| 270 |
_aM-97, Connaught Circus _bNew Delhi _e110001 |
||
| 300 |
_axviii,604p. : _c22cm(Hb) _bill |
||
| 500 | _aIncludes index and bibliography | ||
| 650 |
_aEducational psychology _920946 |
||
| 650 |
_aEducational psychology--Study and teaching _95688 |
||
| 700 |
_aCrawford, William R _920947 |
||
| 942 |
_2ddc _cEN _h370.15 _mDEC |
||
| 999 |
_c127593 _d127593 |
||